000 00701nam a2200217Ia 4500
005 20241129111008.0
008 241129s9999||||xx |||||||||||||| ||und||
020 _a978-81-953387-9-5
037 _aTB
040 _aCRL
_bpun
_cCRL
041 _apun
_2pun
084 _aO153,6NSA, R1
_qCRL
100 _aਸੰਗੂ, ਗੁਰਚਰਨ, ਚ।
245 0 _aਵੇਖਿਆ ਸ਼ਹਿਰ ਬੰਬਈ
_cਸੰਗੂ, ਗੁਰਚਰਨ, ਚ।
260 _aਨਾਭਾ, ਭਾਰਤ
_bਪ੍ਰੀਤ ਪਬਲਿਕੇਸ਼ਨ
_c2021
300 _a208ਪ੍ਰ0
365 _aINR
_b350
650 _aPunjabi Prose
942 _cTB
_hO153,6NSA, R1
999 _c1228448
_d1228448